| Tag |
First Indicator |
Second Indicator |
Subfields |
| LEADER |
00000cam a2200000 i 4500 |
| 001 |
in00000010033 |
| 005 |
20151006060020.0 |
| 008 |
781108s1976 fr a 00000 fre d |
| 035 |
|
|
|a (OCoLC)04356067
|
| 035 |
|
|
|9 AAA2223AM
|
| 040 |
|
|
|a CUS
|c CUS
|d m.c.
|d m/c
|d TXA
|d UtOrBLW
|
| 049 |
|
|
|a TXAM
|c 1 [A12567502], 2 [A12567552]
|
| 050 |
|
4 |
|a SH351.T8
|b G47 1976
|
| 245 |
0 |
3 |
|a La Gestion informatique des données relatives à la pêcherie de surface du germon dans le nord-est Atlantique /
|c par Alain Laurec [and others].
|
| 264 |
|
1 |
|a Brest, France :
|b Centre océanologique de Bretagne,
|c 1976.
|
| 300 |
|
|
|a 31 pages, 3 unnumbered pages :
|b illustrations ;
|c 30 cm.
|
| 336 |
|
|
|a text
|b txt
|2 rdacontent
|
| 337 |
|
|
|a unmediated
|b n
|2 rdamedia
|
| 338 |
|
|
|a volume
|b nc
|2 rdacarrier
|
| 490 |
1 |
|
|a Publications du Centre national pour l'exploitation des océans
|
| 490 |
0 |
|
|a Contribution du Département scientifique du Centre océanologique de Bretagne ;
|v no. 314,
|x 0339-2899
|
| 490 |
1 |
|
|a Rapport scientifique et technique ;
|v no. 25
|
| 650 |
|
0 |
|a Tuna fisheries
|z Atlantic Ocean.
|
| 700 |
1 |
|
|a Laurec, Alain.
|
| 830 |
|
0 |
|a Publications du Centre national pour l'exploitation des oceans.
|
| 830 |
|
0 |
|a Publications du Centre national pour l'exploitation des oceans.
|p Rapports scientifiques et techniques ;
|v no. 25.
|
| 999 |
|
|
|a MARS
|
| 999 |
f |
f |
|s 94adb93c-3e15-382e-8346-a6d96b467194
|i e8beb376-d8fe-3d29-81c9-6f50d88e0b99
|t 0
|
| 952 |
f |
f |
|p ric
|a Texas A&M University
|b Rellis Campus
|c Joint Library Facility
|d Remote Storage
|t 0
|e SH351.T8 G47 1976
|h Library of Congress classification
|i unmediated -- volume
|m A14812567502
|
| 998 |
f |
f |
|a SH351.T8 G47 1976
|t 0
|l Remote Storage
|